<?xml version="1.0" encoding="UTF-8"?>
<marc:record xmlns:marc="http://www.loc.gov/MARC21/slim">
   <marc:leader>00000nam a2200000 a 4500</marc:leader>
   <marc:datafield ind1="1" ind2=" " tag="100">
      <marc:subfield code="a">Schram, Tessa [Regie]</marc:subfield>
      <marc:subfield code="4">aut</marc:subfield>
      <marc:subfield code="e">Verfasser/-in</marc:subfield>
   </marc:datafield>
   <marc:datafield ind1="1" ind2=" " tag="100">
      <marc:subfield code="a">Kemper, Nola</marc:subfield>
   </marc:datafield>
   <marc:datafield ind1=" " ind2=" " tag="653">
      <marc:subfield code="a">Blog</marc:subfield>
   </marc:datafield>
   <marc:datafield ind1=" " ind2=" " tag="653">
      <marc:subfield code="a">Mode</marc:subfield>
   </marc:datafield>
   <marc:datafield ind1="0" ind2="0" tag="245">
      <marc:subfield code="a">100% Coco</marc:subfield>
   </marc:datafield>
   <marc:datafield ind1="0" ind2="0" tag="245">
      <marc:subfield code="b">mein geheimer Fashion Blog</marc:subfield>
   </marc:datafield>
   <marc:datafield ind1="0" ind2="0" tag="245">
      <marc:subfield code="c">Regie: Tessa Schram. Darst.: Nola Kemper</marc:subfield>
   </marc:datafield>
   <marc:datafield ind1=" " ind2="1" tag="264">
      <marc:subfield code="a">München</marc:subfield>
      <marc:subfield code="b">Universum kids</marc:subfield>
      <marc:subfield code="c">2018</marc:subfield>
   </marc:datafield>
   <marc:datafield ind1="1" ind2=" " tag="490">
      <marc:subfield code="a">8</marc:subfield>
   </marc:datafield>
   <marc:datafield ind1="1" ind2=" " tag="520">
      <marc:subfield code="a">Die 13-jährige Coco liebt Mode und trägt ihren eigenen exzentrischen Stil. Sie träumt davon, eine berühmte Stilikone zu werden. Doch an ihrem ersten Schultag, als sie wegen ihrer Kleidung Coco der Clown genannt wird, beschließt sie, ihre Vintage-Kleider, Leopardenstiefel und gestreiften Socken zu Hause zu lassen und als Graue Maus durchs Schulleben zu gehen. Anonym betreibt sie als Style Tiger einen Mode Vlog, der zu einem großen Hit wird. Könnte sie doch noch eine berühmte Stilikone werden? Und wird sie endlich die Aufmerksamkeit von Bruno, dem schrulligen Jungen aus ihrer Schule, erwecken? Langsam aber sicher lernt Coco, das sie einfach sie selbst sein muss und das zu 100 %!</marc:subfield>
   </marc:datafield>
   <marc:datafield ind1=" " ind2=" " tag="020">
      <marc:subfield code="a">4061229096508</marc:subfield>
      <marc:subfield code="9">4061229096508</marc:subfield>
   </marc:datafield>
   <marc:datafield ind1=" " ind2=" " tag="041">
      <marc:subfield code="a">ger</marc:subfield>
   </marc:datafield>
   <marc:datafield ind1="0" ind2=" " tag="490">
      <marc:subfield code="v">0</marc:subfield>
   </marc:datafield>
   <marc:datafield ind1=" " ind2=" " tag="300">
      <marc:subfield code="a">ca. 81 Min.</marc:subfield>
   </marc:datafield>
</marc:record>
